000 00499nam a2200121Ia 4500
008 220615s9999||||xx |||||||||||||| ||und||
100 _aSchneider, Karl
245 0 _aBroadband amplifiers for high data rates using InP/InGaAs double heterojunction bipolar transistors
546 _aEnglish[eng]
650 _abipolar transistor amplifier||transistor optimization||transistor model||distributed amplifier||hetojunction bipolar transistor
856 _uhttps://www.ksp.kit.edu/3866440219
942 _cEB
999 _c11051
_d11051